00659nam a2200217Ia 4500003000400000005001700004008004100021020001800062040001800080041000800098082002100106100002400127245010100151250000600252260004600258300002900304650004200333650002000375650002200395650002400417OSt20230923113536.0210716s2014 xx 000 0 und d a9788126544868 cAIMIT LIBRARY aeng a005.44 22bNEGC aNegus, Christopher. aUbunti linux toolbox :b1000+ commands for ubuntu and debian power users/cby Christopher Negus. a1 aNew Delhi :bWiley India Pvt Ltd ,c2014. axxiv,343 p.;bPBc24 cm. 2Installing ubuntu and adding software 2Using the shell 2Manipulating text 2Managing the system